[Event "GER-chT U12"]
[Site "Magdeburg"]
[Date "2019.12.29"]
[Round "5.4"]
[White "Spinka, Georg Kamil"]
[Black "Knoche, Maurice Michael"]
[Result "1-0"]
[WhiteElo "1338"]
[BlackElo "1072"]
[PlyCount "151"]
[EventDate "2019.12.27"]
[EventType "team-swiss"]
[EventRounds "7"]
[EventCountry "GER"]
[SourceTitle "CBM 194 Extra"]
[Source "ChessBase"]
[SourceDate "2020.03.31"]
[SourceVersion "1"]
[SourceVersionDate "2020.03.31"]
[SourceQuality "1"]
[WhiteTeam "Halle Roter Turm"]
[BlackTeam "Magdeburg Schachzwerge"]
[WhiteTeamCountry "GER"]
[BlackTeamCountry "GER"]

1. d4 d5 2. Bf4 Nf6 3. Nf3 Bf5 4. e3 e6 5. Nbd2 Bb4 6. c3 Bd6 7. Bg3 0-0 8. Be2 Nc6 9. Ne5 Bxe5 10. dxe5 Ne4 11. Nf3 Nxg3 12. hxg3 Be4 13. Bd3 a5 14. Qc2 Bxd3 15. Qxd3 h6 16. g4 f6 17. Qg6 fxe5 18. Nxe5 Qf6 19. Qxf6 gxf6 20. Nxc6 bxc6 21. Rxh6 Kg7 22. Rh1 Rab8 23. 0-0-0 Rb7 24. f3 Rfb8 25. Rd2 a4 26. a3 Kg6 27. Re1 c5 28. e4 d4 29. cxd4 cxd4 30. Ree2 c5 31. e5 f5 32. gxf5+ Kxf5 33. Re4 Rb3 34. Rc2 Rc8 35. Kd1 d3 36. Rd2 c4 37. Ke1 c3 38. bxc3 Rcxc3 39. g4+ Kg5 40. Rxa4 Rxa3 41. Rd4 Rab3 42. Kf2 Rc2 43. Ke3 Rxd2 44. Kxd2 Rb5 45. Rxd3 Rxe5 46. Re3 Rd5+ 47. Ke2 e5 48. Kf2 Kf4 49. Re4+ Kg5 50. Kg3 Rd4 51. Rxe5+ Kf6 52. f4 Rd3+ 53. Kh4 Rd8 54. g5+ Kg6 55. Kg4 Rf8 56. Re6+ Kf7 57. Rf6+ Kg7 58. Rxf8 Kxf8 59. f5 Kg7 60. Kh5 Kh7 61. f6 Kg8 62. g6 Kf8 63. Kh6 Kg8 64. f7+ Kf8 65. Kh7 Ke7 66. g7 Kxf7 67. g8Q+ Kf6 68. Qg4 Kf7 69. Qg6+ Kf8 70. Qg7+ Ke8 71. Kg6 Kd8 72. Kf6 Kc8 73. Ke6 Kb8 74. Kd6 Ka8 75. Kc6 Kb8 76. Qb7# 1-0